000 00613npc a2200205Ia 4500
001 dd32-43791
003 IT-MiCISF
008 161014s9999||||xx | und||
040 _aIT-MiCISF
_cIT-MiCISF
041 _ait
100 _aAA.VV.
245 0 _aGenitori si diventa
250 _a1a ed.
260 _aTorino
_bComune di Torino
_c2005
300 _app. 6-58
500 _aAssessorato alla famiglia, ai servizi sociali e alle politiche per le famiglie / servizi-sociali, servizi-sanitari, consultori, servizi-infanzia /
650 _agenitorialità
942 _cDD
957 _71
999 _a43791
_bsi
_g1
_c208152
_d208152